| Tag |
First Indicator |
Second Indicator |
Subfields |
| LEADER |
00000pam a2200000 a 4500 |
| 001 |
in00000069780 |
| 005 |
20151008055841.0 |
| 008 |
810427s1981 ne a b 10100 eng |
| 010 |
|
|
|a 81007310
|
| 020 |
|
|
|a 9027712921
|
| 035 |
|
|
|a (OCoLC)07553480
|
| 035 |
|
|
|9 AAJ4552AM
|
| 039 |
0 |
|
|a 2
|b 3
|c 3
|d 3
|e 3
|
| 040 |
|
|
|a DLC
|c DLC
|d TXA
|d UtOrBLW
|
| 049 |
|
|
|a TXAM
|c [1361989]
|
| 050 |
0 |
0 |
|a QB806
|b .E33
|
| 082 |
0 |
|
|a 523.7
|2 19
|
| 245 |
0 |
0 |
|a Effects of mass loss on stellar evolution :
|b held in Miramare, Trieste, Italy, September 15-19, 1980 /
|c edited by C. Chiosi and R. Stalio.
|
| 264 |
|
1 |
|a Dordrecht, Holland ;
|a Boston :
|b D. Reidel Pub. Co. ;
|c [1981]
|
| 264 |
|
2 |
|a Hingham, MA :
|b Sold and distributed in the U.S.A. and Canada by Kluwer Boston,
|
| 264 |
|
4 |
|c ©1981
|
| 300 |
|
|
|a xxi, 566 pages :
|b illustrations ;
|c 25 cm.
|
| 336 |
|
|
|a text
|b txt
|2 rdacontent
|
| 337 |
|
|
|a unmediated
|b n
|2 rdamedia
|
| 338 |
|
|
|a volume
|b nc
|2 rdacarrier
|
| 490 |
1 |
|
|a Astrophysics and space science library ;
|v v. 89. Proceedings
|
| 500 |
|
|
|a IAU colloquium number 59.
|
| 504 |
|
|
|a Includes bibliographies and indexes.
|
| 650 |
|
0 |
|a Stars
|x Evolution
|v Congresses.
|
| 650 |
|
0 |
|a Stars
|x Masses
|x Congresses.
|
| 700 |
1 |
|
|a Chiosi, C.
|q (Cesare)
|
| 740 |
0 |
|
|a IAU Colloquium no. 59
|
| 700 |
1 |
|
|a Stalio, R.
|q (Roberto)
|
| 710 |
2 |
|
|a International Astronomical Union.
|
| 830 |
|
0 |
|a Astrophysics and space science library ;
|v v. 89.
|
| 999 |
|
|
|a MARS
|
| 999 |
f |
f |
|s 8e09a952-7b67-3148-920d-08eda86a7e38
|i 26cd7eeb-2138-3716-a5ee-01c9f53bf7ce
|t 0
|
| 952 |
f |
f |
|p ric
|a Texas A&M University
|b Rellis Campus
|c Joint Library Facility
|d Remote Storage
|t 0
|e QB806 .E33
|h Library of Congress classification
|i unmediated -- volume
|m A14806206758
|
| 998 |
f |
f |
|a QB806 .E33
|t 0
|l Remote Storage
|